[Event "Bratto op"]
[Site "Bratto"]
[Date "1998.??.??"]
[Round "?"]
[White "Capece, Adolivio"]
[Black "Piva, Giorgio"]
[Result "1/2-1/2"]
[WhiteElo "2015"]
[BlackElo "2165"]

1.c4 c6 2.Nc3 d5 3.g3 Nf6 4.Bg2 d4 5.Ne4 e5 6.d3 Nxe4 7.Bxe4 Nd7 8.a3 a5
9.b3 Bd6 10.Bg2 O-O 11.Nf3 c5 12.O-O h6 13.Bd2 Nb8 14.Qc2 Nc6 15.Rfc1 Qe7
16.Rab1 Be6 17.Rb2 Ra7 18.Ne1 Qd7 19.Qd1 Rc8 20.Nc2 Qe7 21.Rcb1 Rca8 22.b4 axb4
23.axb4 cxb4 24.Nxb4 Nxb4 25.Bxb4 Bxb4 26.Rxb4 Bc8 27.R4b2 Qc7 28.Qb3 Qe7
29.Bd5 Be6 30.Bxe6 Qxe6 31.Qd1 Qe7 32.Qf1 e4 33.Qg2 f5 34.g4 e3 35.fxe3 Qxe3+
36.Qf2 fxg4 37.Qxe3 dxe3 38.Kg2 Rf8 39.Rf1 Rxf1 40.Kxf1 Ra1+ 41.Kg2 Re1 42.Kg3 h5
43.Kf4 Rh1 44.Kxe3 Rxh2 45.Rxb7 Rh1 46.Kf4  1/2-1/2

[Event "NLD-chT playoff 3-4"]
[Site "Breda"]
[Date "1998.??.??"]
[Round "?"]
[White "Riemens, Michael"]
[Black "Van de Oudeweetering, Arthur"]
[Result "1/2-1/2"]
[WhiteElo "2300"]
[BlackElo "2345"]

1.c4 c6 2.e4 d5 3.exd5 Nf6 4.Nc3 cxd5 5.cxd5 Nxd5 6.Bc4 Nb6 7.Bb3 Nc6 8.Nf3 e5
9.O-O Be7 10.d4 exd4 11.Nb5 O-O 12.Nfxd4 Nxd4 13.Qxd4 Qxd4 14.Nxd4 Bf6 15.Be3 Bd7
16.Rfd1 Rac8 17.Rd2 Nc4 18.Bxc4 Rxc4 19.Nb3 Ba4 20.Nc5 Rc8 21.Nxa4 Rxa4 22.g3 h6  1/2-1/2

[Event "Anderlecht rap"]
[Site "Brussels "]
[Date "1998.??.??"]
[Round "?"]
[White "Cekro, Ekrem"]
[Black "Khenkin, Igor"]
[Result "0-1"]
[WhiteElo "2385"]
[BlackElo "2600"]

1.c4 c6 2.b3 d5 3.Bb2 Bg4 4.g3 e6 5.Bg2 Nf6 6.Nf3 Nbd7 7.O-O Bd6 8.h3 Bxf3
9.exf3 dxc4 10.bxc4 Bxg3 11.fxg3 Qb6+ 12.Rf2 Qxb2 13.Nc3 Nc5 14.Rb1 Qa3 15.Bf1 Rd8  0-1

[Event "Bucharest Fest GM (Women)"]
[Site "Bucharest"]
[Date "1998.??.??"]
[Round "?"]
[White "Smokina, Karolina"]
[Black "Ionescu Brandis, Irina"]
[Result "1-0"]
[WhiteElo "2180"]
[BlackElo "2345"]

1.c4 c6 2.Nf3 d5 3.e3 Nf6 4.d4 Bg4 5.cxd5 cxd5 6.Bb5+ Bd7 7.Bd3 Nc6 8.Nc3 e6
9.Ne5 Be7 10.O-O O-O 11.f4 a6 12.Bd2 b5 13.Rc1 Rc8 14.Qf3 b4 15.Ne2 Qb6 16.Ng3 g6
17.h4 Nxe5 18.fxe5 Rxc1 19.Rxc1 Ne8 20.h5 Ng7 21.h6 Ne8 22.Qg4 Bb5 23.Bb1 f5
24.exf6 Nxf6 25.Qg5 Be8 26.Qe5 Qd6 27.Rc7 Qxe5 28.dxe5 Nd7 29.Bd3 Bh4 30.Nf1 Nxe5
31.Bxa6 Bf2+ 32.Kh1 Rf5 33.Be2 Bh4 34.Bxb4 Nd7 35.Bb5 Bf6 36.Ng3 Be5 37.Rc8 Bxg3
38.Rxe8+ Nf8 39.e4 dxe4 40.Bc4 Rf6  1-0

[Event "Bucharest Fest GM (Women)"]
[Site "Bucharest"]
[Date "1998.??.??"]
[Round "?"]
[White "Berechet, Otiliu"]
[Black "Ionescu Brandis, Irina"]
[Result "1-0"]
[WhiteElo "2220"]
[BlackElo "2345"]

1.c4 c6 2.e4 e5 3.Nf3 d6 4.d4 Nd7 5.Nc3 Ngf6 6.Be2 Be7 7.O-O O-O 8.Kh1 a6
9.a3 b5 10.b3 Re8 11.Ra2 Bb7 12.Bd3 Bf8 13.d5 cxd5 14.cxd5 Rc8 15.Bd2 g6
16.Ng1 Bg7 17.Nge2 Nh5 18.Qb1 Qe7 19.f3 Qf8 20.g4 Nf4 21.Nxf4 exf4 22.Ne2 Be5
23.a4 bxa4 24.Rxa4 Nc5 25.Rb4 g5 26.Rc1 Qe7 27.Nd4 Bxd4 28.Rxd4 Nd7 29.Rxc8 Rxc8
30.Rc4 Ne5 31.Rxc8+ Bxc8 32.Kg2 Qc7 33.Qc2 Qxc2 34.Bxc2 Kf8 35.Bd1 Ke7 36.Be2 Kd7
37.Ba5 Ke7 38.Kf2 Ke8 39.Bb6 Nd7 40.Bd4 f6 41.Ke1 Kd8 42.Kd2 Kc7 43.Kc3 a5
44.b4 axb4+ 45.Kxb4 Ne5 46.Ka5 Bd7 47.Bb6+ Kc8 48.Ba6+ Kb8 49.Bd8 Ka7 50.Be2 Be8
51.Bxf6 Nf7 52.Ba6 Bd7 53.Bd4+ Kb8 54.Kb6 Ba4 55.Bf6 Bd1 56.e5 Nxe5 57.Bxe5 dxe5
58.d6 Ba4 59.Kc5 Ka7 60.Be2 Kb7 61.Kd5 Kc8 62.Kxe5 Kd7 63.Bd3 h6 64.Bf5+ Kd8
65.h4 gxh4 66.Kd4 Bd1 67.Kc3 h3  1-0

[Event "Primavara"]
[Site "Bucharest"]
[Date "1998.??.??"]
[Round "12"]
[White "Lupu, Mircea Sergiu"]
[Black "Sanduleac, Vasile"]
[Result "1-0"]
[WhiteElo "2505"]
[BlackElo "2450"]

1.c4 c6 2.Nf3 d5 3.e3 Nf6 4.Nc3 Bg4 5.Qb3 Qb6 6.Ne5 Be6 7.d4 dxc4 8.Nxc4 Bxc4
9.Bxc4 Qxb3 10.Bxb3 e6 11.e4 Bb4 12.f3 Nbd7 13.Be3 O-O 14.Ke2 Rfe8 15.Rhd1 a6
16.Rac1 Rac8 17.a3 Bf8 18.g4 h6 19.h4 Nh7 20.g5 g6 21.f4 h5 22.Kf3 Kg7 23.Ba2 f5
24.exf5 gxf5 25.Na4 Kg6 26.Nc5 Nxc5 27.dxc5 Rc7 28.Bd4 Bg7 29.Bxg7 Kxg7 30.Rd6 Nf8
31.Re1 Rce7 32.Re5 a5 33.Bc4 Kh7 34.Kg3 Kg7 35.Ba2 Rb8 36.Bc4 Rbe8 37.Bb3 a4
38.Bc4 Kh7 39.Kf3 Kg7 40.Ba2 Rb8 41.Bc4 Rbe8 42.Kg3 Kh7 43.Be2 Kg6 44.Rxf5 Nd7
45.Bc4 Kg7 46.Bxe6 Rxe6 47.Rxd7+ Kg6 48.Re5 Rxe5 49.fxe5 Rxe5 50.Rd6+ Kg7
51.Rh6 Re2 52.Rxh5 Rxb2 53.Rh6 Rb3+ 54.Kg4 Rxa3 55.Rd6 Ra1 56.Rd7+ Kg8 57.Rxb7 a3
58.Ra7 a2 59.Kh5 Kf8 60.Kg6 Rh1 61.Rxa2 Rxh4 62.Ra6  1-0

[Event "Budapest FS06 GM"]
[Site "Budapest"]
[Date "1998.??.??"]
[Round "4"]
[White "Csom, Istvan"]
[Black "Turzo, Attila"]
[Result "1/2-1/2"]
[WhiteElo "2460"]
[BlackElo "2415"]

1.c4 c6 2.Nf3 d5 3.e3 Nf6 4.d4 Bf5 5.Nc3 e6 6.Be2 h6 7.O-O Nbd7 8.cxd5 exd5
9.Bd3 Bxd3 10.Qxd3 Be7 11.Nh4 g6 12.Nf3 Kf8 13.Ne5 Kg7 14.f4 Bd6 15.Bd2 Re8
16.Rae1 Nf8 17.e4 dxe4 18.Nxe4 Nxe4 19.Rxe4 f5 20.Re3 Bxe5 21.dxe5 Qxd3 22.Rxd3 Rad8
23.Rxd8 Rxd8 24.Be3 Ne6  1/2-1/2

[Event "Magistral Int"]
[Site "Buenos Aires"]
[Date "1998.??.??"]
[Round "?"]
[White "Vescovi, Giovanni"]
[Black "Rojas, Luis"]
[Result "1/2-1/2"]
[WhiteElo "2480"]
[BlackElo "2455"]

1.c4 c6 2.e4 d5 3.exd5 cxd5 4.cxd5 Nf6 5.Qa4+ Nbd7 6.Nc3 g6 7.g3 Bg7 8.Bg2 O-O
9.Nge2 Nb6 10.Qb3 e6 11.dxe6 Bxe6 12.Qd1 Bc4 13.d4 Nfd5 14.O-O Nxc3 15.bxc3 Nd5
16.Bd2 Rc8 17.Bxd5 Qxd5 18.Nf4 Qa5 19.Re1 Rfe8 20.Ng2 Rxe1+ 21.Bxe1 Qa6 22.Ne3 Be2
23.Qb3 Re8 24.Bd2 Qd3 25.Qb2 Bh6 26.Re1 Bxe3 27.fxe3 Rxe3 28.Bxe3 Qxe3+ 29.Kg2 Qf3+
30.Kg1  1/2-1/2

[Event "Cannes op"]
[Site "Cannes"]
[Date "1998.??.??"]
[Round "5"]
[White "Janssen, Ruud"]
[Black "Boudre, Jean Pierre"]
[Result "1-0"]
[WhiteElo "2290"]
[BlackElo "2380"]

1.c4 c6 2.Nf3 d5 3.e3 Nf6 4.Nc3 e6 5.b3 Bd6 6.Bb2 Nbd7 7.d4 O-O 8.Bd3 dxc4
9.bxc4 e5 10.O-O Re8 11.Qc2 Qe7 12.c5 Bc7 13.Bc4 exd4 14.exd4 Nf8 15.Rfe1 Be6
16.d5 cxd5 17.Nxd5 Nxd5 18.Bxd5 Ba5 19.Re5 f6 20.Rxe6 Nxe6 21.Nd4 Rad8 22.Bxe6+ Kh8
23.Bc4 Qxc5 24.Nb3 Qc7 25.Nxa5 Qxa5 26.Qc3 Qxc3 27.Bxc3 Rc8 28.Bb5 Red8 29.Be1 g6
30.Kf1 Kg7 31.Ba4 b6 32.Rb1 Rd4 33.Bb3 h5 34.f3 Rdd8 35.Kf2 Rd4 36.Rb2 Rdd8
37.h4 g5 38.g3 gxh4 39.gxh4 Re8 40.Bd2 Red8 41.Be6 Rc5 42.f4 Rd6 43.f5 Rdc6
44.Rb3 Rc2 45.Ke1 Rd6 46.Rg3+ Kh7 47.Bg8+ Kh8 48.Bh6 Rh2 49.Be6 Rxh4 50.Bg7+ Kh7
51.Bxf6 Rxe6+ 52.fxe6 Re4+ 53.Kd2 Rxe6 54.Bd4 a6 55.Kd3 b5 56.Be3 Rd6+ 57.Ke4 Rd1
58.Rg5 Rh1 59.Rc5 Rh2 60.a3 Rh4+ 61.Kf5 Rc4 62.Rxc4 bxc4 63.Ke4 Kg6 64.Kd4 Kf5
65.Kxc4 Ke6 66.Kc5 Kd7 67.Kb6 Kc8 68.Bf4 a5 69.a4 h4 70.Bh2 h3 71.Bg3  1-0

[Event "Cannes op"]
[Site "Cannes"]
[Date "1998.??.??"]
[Round "7"]
[White "Bukal, Vladimir Jr"]
[Black "Fressinet, Laurent"]
[Result "1/2-1/2"]
[WhiteElo "2400"]
[BlackElo "2450"]

1.c4 c6 2.e4 d5 3.exd5 cxd5 4.d4 Nf6 5.Nc3 Nc6 6.Nf3 Bg4 7.Be2 e6 8.Be3 Be7
9.c5 O-O 10.O-O Ne4 11.Qa4 Nxc3 12.bxc3 Na5 13.Rab1 b6 14.Rb5 Bxf3 15.gxf3 Qc7
16.Rfb1 Rab8 17.Kg2 Rfc8 18.R5b2 Nc6 19.Ba6 Rf8 20.Bb5 Na5 21.Bd3 Nc6 22.Bb5 Na5
23.Ba6 Bf6 24.Rb5 Nc6 25.R5b2 Ne7 26.c4 Nf5 27.cxd5 exd5 28.cxb6 Nh4+ 29.Kf1 Rxb6
30.Rxb6 axb6 31.Ke2 Qxh2 32.Qd7 Ng2 33.Rc1 Nxe3 34.Rc8 g6 35.Rxf8+ Kxf8 36.Kxe3 Bh4
37.Qc8+ Kg7 38.Qc2 Bg5+ 39.Ke2 Qf4 40.Qd3 h5 41.Bb7 h4 42.Qe3 Qf6 43.Qe5 Qxe5+
44.dxe5 d4 45.Bc8 Bf4 46.Kd3 Bxe5 47.f4 Bxf4 48.Kxd4 f5 49.Kd3 Kf6 50.Ke2 g5
51.f3 Bd6 52.Kf2 Ke5 53.Kg2 Kf4 54.Kh3 b5 55.Bd7 b4 56.Bc8 Be7 57.Bd7 Ke5
58.Bc8 g4+ 59.fxg4 f4 60.g5 f3 61.Kxh4 Kf4 62.Kh3 Ke3 63.Kh2 Kf2 64.g6 Bf6
65.Ba6 Be5+ 66.Kh1 Bd4  1/2-1/2

[Event "Cap d'Agde op"]
[Site "Cap d'Agde"]
[Date "1998.??.??"]
[Round "4"]
[White "Yakovich, Yuri"]
[Black "Fressinet, Laurent"]
[Result "1-0"]
[WhiteElo "2570"]
[BlackElo "2450"]

1.c4 c6 2.Nf3 d5 3.d4 Nf6 4.Qc2 g6 5.Bf4 Bg7 6.e3 Bf5 7.Qb3 Qb6 8.Nc3 Nbd7
9.h3 O-O 10.c5 Qxb3 11.axb3 Ne4 12.b4 a6 13.Rg1 Rae8 14.g4 Nxc3 15.bxc3 Be4
16.Nd2 e5 17.Nxe4 exf4 18.Nd6 Re7 19.Nxb7 Ne5 20.dxe5 Bxe5 21.Kd2 Rxb7 22.Rxa6 fxe3+
23.fxe3 f5 24.gxf5 Rxf5 25.Rxc6 Rf2+ 26.Kd3 Ra7 27.Bg2 Rd7 28.Bh1 Ra2 29.Rg5  1-0

[Event "Cesenatico op"]
[Site "Cesenatico"]
[Date "1998.??.??"]
[Round "7"]
[White "Rotstein, Arkadij"]
[Black "Gaiba, Paolo"]
[Result "1-0"]
[WhiteElo "2485"]
[BlackElo "2125"]

1.c4 c6 2.Nf3 d5 3.b3 Nf6 4.Bb2 Bf5 5.g3 e6 6.Bg2 Nbd7 7.O-O Bc5 8.Nc3 O-O
9.d3 Bg4 10.d4 Bb4 11.a3 Ba5 12.h3 Bh5 13.Nd2 Bc7 14.Qe1 Re8 15.f4 Nb6 16.e3 Bg6
17.Qe2 Nh5 18.Qf3 f5 19.a4 Nc8 20.Ba3 Nf6 21.Qe2 Bh5 22.Qf2 Qd7 23.Rfc1 Nd6
24.Bxd6 Bxd6 25.c5 Bc7 26.b4 Kh8 27.b5 a6 28.bxc6 bxc6 29.Rab1 Reb8 30.Bf1 Qc8
31.Bd3 Ba5 32.Nb3 Bb4 33.a5 Qc7 34.Na4 Bxa5 35.Nxa5 Qxa5 36.Nb6 Ra7 37.Qc2 Ne4
38.Bxe4 dxe4 39.Rb3 Rd8 40.Qb2 Bf7 41.Ra1 Qxa1+ 42.Qxa1  1-0

[Event "Creon op"]
[Site "Creon"]
[Date "1998.??.??"]
[Round "7"]
[White "Pytel, Krzysztof"]
[Black "Prie, Eric"]
[Result "1/2-1/2"]
[WhiteElo "2380"]
[BlackElo "2470"]

1.c4 c6 2.e4 d5 3.exd5 cxd5 4.d4 Nf6 5.Nc3 Nc6 6.Bg5 e6 7.Nf3 Be7 8.c5 O-O
9.Bb5 Ne4 10.Bxe7 Qxe7 11.Bxc6 bxc6 12.O-O Nxc3 13.bxc3 f6 14.Qa4 Qc7 15.Rfe1 Rb8
16.h3 Bd7 17.Re2 Rb7 18.c4 Rfb8 19.cxd5 cxd5 20.Qa3 Rb4 21.Rae1 Qc6 22.Rc1 R8b7
23.Qe3 Bc8 24.a4 h6 25.Kh2 Re7 26.Qc3 Rc4 27.Qe1 Bb7 28.Re3 e5 29.Nh4 Qc7
30.Kg1 Bc8 31.Ng6 Re8 32.Rxc4 dxc4 33.dxe5 Qxc5 34.exf6 Rxe3 35.Qxe3 Qxe3
36.fxe3 gxf6 37.Ne7+ Kf8 38.Nd5 Kf7 39.Kf2 Ke6 40.Nc3 Kd6 41.Kg3 Ke6  1/2-1/2

[Event "CZE-chT2 9899"]
[Site "CZE"]
[Date "1998.??.??"]
[Round "?"]
[White "Kout, Zdenek"]
[Black "Hornicek, Jiri"]
[Result "1/2-1/2"]
[WhiteElo "2150"]
[BlackElo "2270"]

1.c4 c6 2.e4 d5 3.exd5 cxd5 4.d4 Nf6 5.Nc3 Nc6 6.Bf4 a6 7.a3 g6 8.h3 Bg7
9.Nf3 O-O 10.b4 dxc4 11.Bxc4 Be6 12.Bxe6 fxe6 13.Be3 Nd5 14.Rc1 e5 15.Nxd5 Qxd5
16.dxe5 Qa2 17.O-O Rad8 18.Qc2 Qxc2 19.Rxc2 Rd3 20.Bc5 b5 21.Ra2 Rf5 22.Re1 Nxe5
23.Nxe5 Rxe5 24.Rxe5 Bxe5 25.Kf1 Kf7 26.a4 Rd1+ 27.Ke2 Ra1 28.Rxa1 Bxa1 29.axb5 axb5
30.Kd3 Bf6 31.Ke4 Ke6 32.f4 h5 33.g4 hxg4 34.hxg4 Bc3 35.f5+ gxf5+ 36.gxf5+ Kd7
37.Kd5 Bd2 38.Ke5 Bc3+ 39.Kd5 Bd2  1/2-1/2

[Event "Moravia-chT 9899"]
[Site "CZE"]
[Date "1998.??.??"]
[Round "1"]
[White "Harasta, Vladimir"]
[Black "Lys, Josef"]
[Result "0-1"]
[WhiteElo "2190"]
[BlackElo "2305"]

1.c4 c6 2.Nc3 d5 3.cxd5 cxd5 4.d4 Nf6 5.Nf3 g6 6.Bf4 Bg7 7.e3 O-O 8.Bd3 Bf5
9.Bxf5 gxf5 10.Qb3 b6 11.Rc1 Nc6 12.Nxd5 Nxd5 13.Rxc6 Nxf4 14.exf4 Bxd4 15.O-O Bf6
16.Rd1 Qb8 17.g3 Qb7 18.Qd5 e6 19.Qd7 Qa6 20.Rdd6 Rad8 21.Qc7 Qxa2 22.Ne5 Qb1+
23.Rc1 Qxb2 24.Nxf7 Rxd6 25.Nxd6 Qd2 26.Nc8 Rf7 27.Qc6 Qd7 28.Nd6 Qxc6 29.Rxc6 Rd7
30.Kf1 Bd8 31.Ke2 a5 32.f3 a4 33.Nb5 Kf7 34.Rc4 Rd5 35.Nc3 b5 36.Rc8 Rd7
37.Nxb5 Be7 38.Ra8 Rb7 39.Nc3 a3 40.h3 Rb2+ 41.Ke3 Rb3 42.Kd4 Bf6+  0-1

[Event "CZE-chT 9899"]
[Site "CZE"]
[Date "1998.??.??"]
[Round "1"]
[White "David, Pavel"]
[Black "Velicka, Petr"]
[Result "1/2-1/2"]
[WhiteElo "2415"]
[BlackElo "2430"]

1.c4 c6 2.e4 d5 3.exd5 cxd5 4.cxd5 Nf6 5.Nc3 Nxd5 6.Nf3 Nc6 7.d4 Bg4 8.Qb3 Bxf3
9.gxf3 e6 10.Qxb7 Nxd4 11.Bb5+ Nxb5 12.Qc6+ Ke7 13.Qxb5 Qd7 14.Nxd5+ Qxd5
15.Qxd5 exd5 16.Be3 Ke6 17.O-O-O Bb4 18.Kb1 Rhc8 19.Rd3 Rc7 20.Rb3 Be7 21.Rb5 Rd8
22.Re1 Kf5 23.Rd1 Ke6 24.Re1 Kf5 25.Rc1 Rxc1+ 26.Kxc1 Rd7 27.Ra5 Bg5 28.Kc2 Bf4
29.h3 Bxe3 30.fxe3 g5 31.b4 h5 32.Kd3 Ke5 33.Ra6 Rb7 34.a3 f6 35.Ra5 f5 36.Ra6 f4
37.Rg6 Kf5 38.Rd6 Ke5 39.Rg6 Kf5 40.Rd6 Ke5  1/2-1/2

[Event "CZE-chT 9899"]
[Site "CZE"]
[Date "1998.??.??"]
[Round "2"]
[White "Tibensky, Robert"]
[Black "Zurek, Milan"]
[Result "1-0"]
[WhiteElo "2435"]
[BlackElo "2450"]

1.c4 c6 2.Nc3 d5 3.e3 Nf6 4.d4 a6 5.a4 a5 6.Nf3 e6 7.Bd3 Bb4 8.O-O Nbd7 9.Bd2 O-O
10.Qc2 dxc4 11.Bxc4 Qe7 12.Ne4 Nxe4 13.Qxe4 Bxd2 14.Nxd2 Qb4 15.Qc2 e5 16.Nf3 exd4
17.exd4 Nb6 18.b3 h6 19.Ne5 Qd6 20.Rad1 Nd5 21.Rfe1 Be6 22.h3 Rad8 23.Qd2 Qb4
24.Qc2 Qd6 25.Qd2 b6 26.Qc1 Rfe8 27.Qc2 Nb4 28.Qc1 Bd5 29.Re3 Re6 30.Be2 Rf6
31.Bc4 Bxc4 32.bxc4 Rf4 33.Nf3 c5 34.d5 Qd7 35.Rde1 Qxa4 36.Ra3 Rxc4 37.Rxa4 Rxc1
38.Rxc1 Rxd5 39.Kf1 Kf8 40.Ke2 Ke7 41.Rd1 Kd6 42.Raa1 c4 43.Nd2 Re5+ 44.Kf1 Kc5
45.Rdc1 b5 46.Rxa5 Nd3 47.Rxc4+ Kb6 48.Ra1 bxc4 49.Nxc4+ Kc6 50.Nxe5+ Nxe5
51.Ke2 Kd6 52.f4 Ng6 53.Ke3 Ne7 54.Ke4 Nc6 55.Ra6 Kd7 56.g4 Kd6 57.h4 Kd7
58.h5 Ne7 59.g5 Ng8 60.Ra7+ Ke6 61.f5+ Kd6 62.Ra8 Ne7 63.f6  1-0

[Event "CZE-chT 9899"]
[Site "CZE"]
[Date "1998.??.??"]
[Round "4"]
[White "Ftacnik, Lubomir"]
[Black "Meduna, Eduard"]
[Result "1/2-1/2"]
[WhiteElo "2585"]
[BlackElo "2470"]

1.c4 c6 2.e4 d5 3.exd5 cxd5 4.cxd5 Nf6 5.Nc3 Nxd5 6.Nf3 Nc6 7.d4 e6 8.Bd3 Be7
9.O-O O-O 10.Re1 Bf6 11.Be4 Nce7 12.Qd3 g6 13.Bh6 Bg7 14.Bxg7 Kxg7 15.Ne5 b6
16.Qg3 Bb7 17.Nc4 Qd7 18.Qe5+ f6 19.Qd6 Rad8 20.Qa3 b5 21.Bxd5 Nxd5 22.Nxd5 Qxd5
23.Ne3 Qxd4 24.Rad1 b4 25.Qa5 Qb6 26.Qxb6 axb6 27.b3 e5 28.f3 e4 29.fxe4 Bxe4
30.Nc4 Rxd1 31.Rxd1 Ra8 32.Rd2 b5 33.Nd6 Bc6 34.Re2 Ra6 35.Nb7 Kh6 36.Nc5 Ra7
37.Rf2 f5 38.Nd3 Rd7 39.Nxb4 Be4 40.Na6 Rd1+ 41.Rf1 Rd2 42.Rf2 Rd1+  1/2-1/2

[Event "DEN-ch cand"]
[Site "Denmark"]
[Date "1998.??.??"]
[Round "1"]
[White "Grabov, Steen"]
[Black "Husted, Peter"]
[Result "1-0"]
[WhiteElo "2240"]
[BlackElo "2160"]

1.c4 c6 2.Nc3 d5 3.d4 Nf6 4.Nf3 dxc4 5.a4 Na6 6.e3 Bg4 7.Bxc4 e6 8.O-O Be7
9.Qb3 Bxf3 10.gxf3 Nb4 11.a5 O-O 12.Rd1 Qc7 13.e4 b5 14.axb6 axb6 15.Be3 Qb7
16.Rxa8 Rxa8 17.d5 exd5 18.exd5 cxd5 19.Nxd5 Nbxd5 20.Bxd5 Nxd5 21.Qxd5 Qxd5
22.Rxd5 Bc5 23.Bxc5 bxc5 24.Rxc5 Ra1+ 25.Kg2 g6 26.b4 Rb1 27.b5 Kg7 28.f4 f5
29.Kf3 Rb3+ 30.Ke2 Kh6 31.Kd2 Kh5 32.Kc2 Rb4 33.Kc3 Rb1 34.Kc4 Kg4 35.Rd5 Kxf4
36.Rd3 Ke5 37.Rb3 Rc1+ 38.Rc3 Rf1 39.b6 Kd6 40.Rb3 Rc1+ 41.Kb5 Kd7 42.Rb4 Rc2
43.Rd4+ Kc8 44.Rc4+ Rxc4 45.Kxc4 Kb7 46.Kc5 f4 47.h4 f3 48.Kb5  1-0

[Event "Dieren op"]
[Site "Dieren"]
[Date "1998.??.??"]
[Round "6"]
[White "Vakhidov, Tahir"]
[Black "Willemze, Jeroen"]
[Result "1/2-1/2"]
[WhiteElo "2470"]
[BlackElo "2290"]

1.c4 c6 2.Nf3 d5 3.e3 Nf6 4.d4 Bf5 5.Nc3 e6 6.Bd3 Bxd3 7.Qxd3 Nbd7 8.O-O Bb4
9.Bd2 O-O 10.Nxd5 exd5 11.Bxb4 Re8 12.cxd5 cxd5 13.Nd2 Qb6 14.Ba3 Ne4 15.Rfe1 Nxd2
16.Qxd2 Nf6 17.f3 Rac8 18.Rac1 h6 19.Qd3 Qe6 20.Kf2 a6 21.b3 h5 22.h4 g6
23.Rxc8 Rxc8 24.Rc1 Rxc1 25.Bxc1 Qd6 26.Qc2 Kg7 27.Qc5 Qh2 28.Ba3 Qxh4+ 29.Ke2 g5
30.Qc8 Qh1 31.Bf8+ Kh7 32.Qf5+ Kg8 33.Qxg5+ Kxf8 34.Qxf6 Qxg2+ 35.Kd1 Qf1+  1/2-1/2

[Event "Sparkasse op"]
[Site "Dortmund"]
[Date "1998.??.??"]
[Round "?"]
[White "Bischoff, Klaus"]
[Black "Richter, Michael"]
[Result "1/2-1/2"]
[WhiteElo "2545"]
[BlackElo "2360"]

1.c4 c6 2.Nf3 Nf6 3.Nc3 d5 4.e3 e6 5.Qc2 Nbd7 6.b3 Bd6 7.Bb2 O-O 8.Be2 e5
9.cxd5 Nxd5 10.O-O Nxc3 11.Bxc3 Qe7 12.d3 f5 13.Nd2 Rf6 14.e4 f4 15.b4 Rg6
16.Rfe1 Kh8 17.a3 Nf6 18.Bf3 Ng4 19.h3 h5 20.Rad1 Be6 21.Qb2 Bc7 22.hxg4 hxg4
23.Kf1 gxf3 24.Nxf3 Bg4  1/2-1/2

[Event "Dresden zt"]
[Site "Dresden"]
[Date "1998.??.??"]
[Round "8"]
[White "Uhlmann, Wolfgang"]
[Black "Soln, Primoz"]
[Result "1-0"]
[WhiteElo "2495"]
[BlackElo "2350"]

1.c4 c6 2.d4 d5 3.Nf3 e6 4.e3 Nd7 5.Nc3 Ngf6 6.Qc2 Bd6 7.b3 O-O 8.Be2 Re8
9.O-O dxc4 10.bxc4 e5 11.a4 Qe7 12.a5 a6 13.Re1 c5 14.dxc5 Nxc5 15.e4 Bg4
16.Bg5 Bxf3 17.Bxf3 Qe6 18.Nd5 Nxd5 19.cxd5 Qg6 20.Be3 Rec8 21.Rec1 Rc7 22.Qb1 Rac8
23.Ra2 Bf8 24.Rac2 Qd6 25.Qb6 f5 26.exf5 e4 27.Bxe4 Qe5 28.Bf3 Bd6 29.g3 Nd3
30.Rxc7 Bxc7 31.Qxb7 Re8 32.Qxc7 Nxc1 33.Qxc1  1-0

[Event "Dresden zt"]
[Site "Dresden"]
[Date "1998.??.??"]
[Round "11"]
[White "Alterman, Boris"]
[Black "Rogic, Davor"]
[Result "1-0"]
[WhiteElo "2615"]
[BlackElo "2445"]

1.c4 c6 2.e4 d5 3.exd5 cxd5 4.cxd5 Nf6 5.Nc3 g6 6.Bb5+ Nbd7 7.Nge2 Bg7 8.Nf4 O-O
9.O-O Nb6 10.Qb3 Qd6 11.d4 Rd8 12.Re1 Bf5 13.Bd2 Bh6 14.Re5 Ng4 15.Rae1 Rac8
16.h3 Nxe5 17.dxe5 Qb8 18.d6 exd6 19.e6 d5 20.exf7+ Kg7 21.Qb4 Qd6 22.Ne6+ Bxe6
23.Qd4+ Kxf7 24.Bxh6 Rc6 25.Qg7+ Ke8 26.Bg5 Rc8 27.Qg8+ Kd7 28.Qxh7+ Ke8
29.Bd3  1-0

[Event "BUL-ch"]
[Site "Dupnica"]
[Date "1998.??.??"]
[Round "2"]
[White "Georgiev, Vladimir"]
[Black "Papazov, Ivajlo"]
[Result "1-0"]
[WhiteElo "2565"]
[BlackElo "2285"]

1.c4 c6 2.e4 d5 3.exd5 cxd5 4.cxd5 Qxd5 5.Nc3 Qa5 6.Nf3 Nf6 7.d4 e6 8.Bd3 Nc6
9.O-O Be7 10.Re1 O-O 11.a3 Rd8 12.Bf4 Nd5 13.Nxd5 Qxd5 14.Be4 Qb5 15.Qc2 h6
16.Rad1 Bf6 17.Bd3 Qb6 18.b4 a6 19.Be4 Qb5 20.Be5 Be7 21.Bc7 Rd7 22.Bf4 Rd8
23.h3 Bf6 24.d5 exd5 25.Bxd5 Be6 26.Bxe6 fxe6 27.Bd6 Qf5 28.Qb3 Re8 29.Bc7 Re7
30.Bb6 Rae8 31.a4 Kh8 32.b5 axb5 33.axb5 Ne5 34.Nd4 Qg6 35.Bc5 Rf7 36.Bd6 Nd7
37.Rxe6 Ra8 38.Nf3 Qh5 39.Ree1 Bg5 40.Nxg5 hxg5 41.Qe6 Nf6 42.g4 Qg6 43.Rc1 Rd7
44.Bg3 Ra3 45.Kh2 Rd2 46.Re2 Rdd3 47.Qc8+ Kh7 48.Qxb7 Rab3 49.Rc7  1-0

[Event "BUL-ch"]
[Site "Dupnica"]
[Date "1998.??.??"]
[Round "11"]
[White "Georgiev, Vladimir"]
[Black "Vaklinov, Atanas"]
[Result "0-1"]
[WhiteElo "2565"]
[BlackElo "2070"]

1.c4 c6 2.e4 e5 3.Nf3 Qa5 4.Nc3 Nf6 5.Qc2 Bd6 6.Be2 O-O 7.O-O Re8 8.a3 Bf8
9.d4 exd4 10.Nxd4 d6 11.Bf4 Nbd7 12.Rad1 a6 13.Kh1 Ne5 14.Bc1 Qc7 15.Bg5 Ned7
16.f4 b5 17.e5 dxe5 18.fxe5 Nxe5 19.Bxf6 gxf6 20.cxb5 cxb5 21.Nd5 Qxc2 22.Nxc2 Re6
23.Nc7 Rc6 24.Nxa8 Rxc2 25.Rc1 Rxe2 26.Rxc8 Rxb2 27.Nc7 Rc2 28.h3 a5 29.Rb1 b4
30.axb4 axb4 31.Rb3 h5 32.Rg3+ Ng6 33.Rd3 b3 34.Rxb3 Rc1+ 35.Kh2 Rxc7 36.Rxc7 Bd6+
37.g3 Bxc7 38.Kg2 f5 39.Rb5 Be5 40.Kf3 Kg7 41.h4 Kf6 42.Rb6+ Ke7 43.Rb7+ Ke6
44.Rb6+ Bd6 45.Rb5 f4 46.gxf4 Nxh4+ 47.Kf2 f5 48.Rb7 Ng6 49.Rh7 h4  0-1

[Event "Centrocoop June op-A"]
[Site "Eforie Nord "]
[Date "1998.??.??"]
[Round "?"]
[White "Smokina, Karolina"]
[Black "Slovineanu, Viceslav"]
[Result "0-1"]
[WhiteElo "2195"]
[BlackElo "2440"]

1.c4 c6 2.Nf3 d5 3.cxd5 cxd5 4.d4 Nc6 5.Nc3 Nf6 6.Bf4 e6 7.e3 Be7 8.Rc1 Nh5
9.Bg3 Bd7 10.Bd3 Rc8 11.a3 f5 12.Ne5 Nxg3 13.Nxc6 bxc6 14.hxg3 c5 15.dxc5 Bxc5
16.b4 Bb6 17.Ba6 Rc7 18.Qh5+ Kf8 19.O-O Qf6 20.Ne2 g6 21.Qh6+ Kf7 22.Rxc7 Bxc7
23.Nd4 e5 24.Rc1 Bb6 25.Nf3 e4 26.Ng5+ Ke7 27.Bb7 d4 28.exd4 Bxd4 29.Nh3 Qe5
30.Qg5+ Kf7 31.Qf4 Qxf4 32.Nxf4 e3 33.Rc7 exf2+ 34.Kf1 Ke7 35.Bc6 Rd8 36.Nd3 Kd6
37.Rxd7+ Rxd7 38.Bxd7 Kxd7 39.Nxf2 Bxf2 40.Kxf2 Kc6  0-1

[Event "Centrocoop June op-A"]
[Site "Eforie Nord "]
[Date "1998.??.??"]
[Round "?"]
[White "Smokina, Karolina"]
[Black "Loktionova, Natalia"]
[Result "1/2-1/2"]
[WhiteElo "2195"]
[BlackElo "2250"]

1.c4 c6 2.Nf3 d5 3.cxd5 cxd5 4.d4 Nf6 5.Bf4 Nc6 6.Nc3 Ne4 7.e3 Nxc3 8.bxc3 g6
9.Bd3 Bg7 10.O-O O-O 11.Rb1 Na5 12.Nd2 Bf5 13.Bxf5 gxf5 14.Qa4  1/2-1/2

[Event "Centrocoop June op-A"]
[Site "Eforie Nord "]
[Date "1998.??.??"]
[Round "?"]
[White "Mik, Aurel"]
[Black "Loktionova, Natalia"]
[Result "1/2-1/2"]
[WhiteElo "2175"]
[BlackElo "2250"]

1.c4 c6 2.d4 d5 3.cxd5 cxd5 4.Nf3 Nc6 5.Bf4 Nf6 6.e3 Bf5 7.Bd3 Bxd3 8.Qxd3 e6
9.Nc3 Be7 10.O-O O-O 11.Rac1 Rc8 12.h3 Na5 13.Nb5 Nc6 14.Ne5 Nb4 15.Qb3 Qa5
16.Nc3 Qa6 17.a3 Nc6 18.Qb5 Qb6 19.Qxb6 axb6 20.Nb5 Rfd8 21.Nxc6 Rxc6 22.Rxc6 bxc6
23.Na7 c5 24.Nc6 Rd7 25.Nxe7+ Rxe7 26.Bd6 Rb7 27.dxc5 bxc5 28.Bxc5 Rxb2 29.Ra1 Nd7
30.Bd6 Rb6 31.Be7 f6 32.a4 Kf7 33.a5 Ra6 34.Bb4 Ne5 35.Kf1 g5 36.Ke2 h5 37.Kd2 Kg6
38.Kc3 g4 39.hxg4 hxg4 40.Kb3 Nc4 41.g3 Kf5 42.Ka4 Ra8 43.Kb5 Rb8+ 44.Kc5 Rc8+
45.Kd4 Ne5 46.e4+ dxe4 47.Ke3 Nc4+ 48.Ke2 Rb8 49.Bc3 Rb3 50.Bd4 e5 51.Be3 Rb2+
52.Kf1 Nxe3+ 53.fxe3 Rb7 54.a6 Ra7 55.Ra4 Ke6 56.Rxe4 Rxa6 57.Rxg4 Kf5 58.Rh4 Ra2
59.e4+ Ke6 60.Rh6 Ke7 61.Rh7+ Kd6 62.Rh6 Kc5 63.Rxf6 Kd4 64.Rf2 Ra1+ 65.Kg2 Kxe4
66.g4 Kd4 67.Kg3 e4 68.Rf7 Rg1+ 69.Kh4 e3 70.Re7 Kd3 71.Rd7+ Kc2 72.Rc7+ Kd2
73.Rd7+ Ke1 74.g5 e2 75.Kh5 Rh1+ 76.Kg4 Kf2 77.Rd2 Ke3 78.Rxe2+ Kxe2 79.g6 Kd3
80.Kf5 Rf1+ 81.Ke5 Ra1 82.g7 Ra8 83.Kf6 Ke4 84.Kf7 Kf5 85.g8=Q Ra7+ 86.Ke8  1/2-1/2

[Event "Centrocoop June op-B"]
[Site "Eforie Nord"]
[Date "1998.??.??"]
[Round "?"]
[White "Shushu, A."]
[Black "Zarovoski, P."]
[Result "1/2-1/2"]
[WhiteElo "1650"]
[BlackElo "1750"]

1.c4 c6 2.Nc3 d5 3.cxd5 cxd5 4.d4 Nc6 5.g3 Bf5 6.Bg2 Nf6 7.Nf3 e6 8.Bg5 Be7
9.O-O Ne4 10.Bxe7 Qxe7 11.Nh4 Nd6 12.Nxf5 Nxf5 13.e3 O-O 14.a3 Rac8 15.Re1 Rfd8
16.Rc1 Na5 17.Bf1 Nc4 18.Bxc4 Rxc4 19.Na4 Nd6  1/2-1/2

[Event "Centrocoop June op-B"]
[Site "Eforie Nord"]
[Date "1998.??.??"]
[Round "?"]
[White "Shushu, A."]
[Black "Pasc, Cristina"]
[Result "1-0"]
[WhiteElo "1650"]
[BlackElo "2030"]

1.c4 c6 2.Nc3 d5 3.cxd5 cxd5 4.d4 Nc6 5.Bf4 Nf6 6.e3 Bf5 7.Bb5 Rc8 8.Nge2 e6
9.O-O Be7 10.Rc1 O-O 11.Ng3 Bg6 12.a3 Na5 13.Qa4 a6 14.Be2 Nc4 15.Bxc4 Rxc4
16.Qd1 b5 17.Na2 Ne4 18.Nxe4 Bxe4 19.Rxc4 dxc4 20.Qd2 Qb6 21.f3 Bb7 22.Rc1 Rc8
23.Kf2 f5 24.Be5 Bd6 25.Bxd6 Qxd6 26.g3 e5 27.Rd1 Rd8 28.Qe2 Qh6 29.h4 exd4
30.Rxd4 Rxd4 31.exd4 Kf7 32.Nc3 g5 33.Qe5 Qf6 34.Qc7+ Qe7 35.Qxe7+ Kxe7 36.hxg5 Kf7
37.Ke3 Ke6 38.Kf4 Bc6 39.g4 fxg4 40.Kxg4 a5 41.d5+ Bxd5 42.Nxb5 Kf7 43.f4 Kg7
44.f5 Kf7 45.Kf4 Kg7 46.Nc7 Bg8 47.Ke5 h6 48.gxh6+ Kxh6 49.Kf6 Kh7 50.Ne6 Kh6
51.Ke7 Kh5 52.f6 Kg6 53.Nd4 Bd5 54.Nc6 a4 55.Nd4  1-0